| 000 | 00769nam a22002175i 4500 | ||
|---|---|---|---|
| 001 | 157634 | ||
| 003 | ES-MaACL | ||
| 005 | 20230906210754.0 | ||
| 008 | 011011s1890 fr |||| | fre d | ||
| 040 |
_aCAM _bspa _cCAM |
||
| 080 | _a32(091) | ||
| 100 | 1 |
_aLetourneau, Charles. _971888 |
|
| 245 | 1 | 2 |
_aL'évolution politique dans les diverses races humaines / _cpar Ch. Letourneau. |
| 260 |
_aParis : _bLecrosnier et Babé, libraires-éditeurs, _c1890 ( _fImprimeries réunies B) |
||
| 300 |
_aXXIII, 561 p. ; _c23 cm. |
||
| 490 | 1 |
_aBibliothèque anthropologique ; _v11 |
|
| 650 |
_aPolítica- _vHistoria. _9172015 |
||
| 830 | 0 |
_aBibliothèque anthropologique ; _v11 _9187951 |
|
| 852 |
_aES-MaACL _jF-14322 _z-- Enc. pasta española |
||
| 999 |
_c157634 _d157634 |
||